MotoGP World Champions - Sudden Death - Statistics

General Stats
  • This quiz has been taken 229 times
  • The average score is 7 of 14
Answers on the Grid
Answers color-coded by a green-red scale on the quiz's grid according to % correct below.
Gary Hocking
Andrea Dovizioso
Umberto Masetti
Joan Mir
Colin Edwards
Nicky Hayden
Mick Doohan
Max Biaggi
Casey Stoner
Alex Criville
Marco Simoncelli
John Surtees
Marco Melandri
Marc Marquez
Barry Sheene
Loris Capirossi
Mike Hailwood
Dani Pedrosa
Kevin Schwantz
Fausto Gresini
Randy Mamola
Alvaro Bautista
Franco Uncini
Carlos Checa
Angel Nieto
Jorge Martin
Cal Crutchlow
Sete Gibernau
 
Answer Stats
Answer % Correct
Casey Stoner
74%
Joan Mir
73%
Marc Marquez
70%
Mick Doohan
64%
Jorge Martin
59%
Nicky Hayden
59%
Alex Criville
47%
John Surtees
46%
Kevin Schwantz
45%
Mike Hailwood
41%
Gary Hocking
34%
Barry Sheene
33%
Umberto Masetti
32%
Franco Uncini
28%
No matching quizzes found
Score Distribution
Percent of People with Each Score
Percentile by Number Answered
Your Score History
You have not taken this quiz